Normal view
MARC view
- Quran Verses
Entry Topical Term
001 - CONTROL NUMBER
- control field: 109342
003 - CONTROL NUMBER IDENTIFIER
- control field: NUST
005 - DATE AND TIME OF LATEST TRANSACTION
- control field: 20230221131948.0
008 - FIXED-LENGTH DATA ELEMENTS
- fixed length control field: 230221|| aca||aabn | a|a d
040 ## - CATALOGING SOURCE
- Original cataloging agency: NUST
- Transcribing agency: NUST
150 ## - HEADING--TOPICAL TERM
- Topical term or geographic name entry element: Quran Verses
670 ## - SOURCE DATA FOUND
- Source citation: Work cat.: (NUST)187639: Naseer u Din Syed 109341, Al Baqiyat -al- Salihat / الباقیات الصالحات Urdu) /, 1982
